| 000 | 02549nam a2200229Ia 4500 | ||
|---|---|---|---|
| 003 | Ost | ||
| 005 | 20260507075159.0 | ||
| 008 | 260507s9999||||xx |||||||||||||| ||und|| | ||
| 020 | _a5852466539 | ||
| 040 | _cfsecg | ||
| 041 | _aara | ||
| 082 | _a330 | ||
| 100 |
_aدريد، محمود علي _eمؤلف |
||
| 245 | 0 |
_aالشركة المتعددة الجنسية : _bآلية التكوين واساليب النشاط / _c محمود علي دريد |
|
| 260 |
_aبيروت: _bمنشورات الحلبي الحقوقية, _c2009 |
||
| 300 |
_a367 صفحة؛ _bإيضاحات ؛ _c24 سم |
||
| 504 | _aمراجع ص.347 | ||
| 520 | _aالمفهوم القانوني للشركة المتعددة الجنسية ، نشأة الشركات المتعددة الجنسية و تطورها ، الشكل القانوني للشركة المتعددة الجنسية ، الشركة الوليدة بوصفها عاملا من عوامل قيام الشركة المتعددة الجنسية ، العلاقة القانونية بين الشركة الأم و الشركات الوليدة ، خصوصية مفهوم الشخصية القانونية للشركة المتعددة الجنسية ، نتائج اكتساب الشركة المتعددة الجنسية للشخصية القانونية ، طبيعة الشخصية القانونية للشركة الوليدة ، الادارة المركزية في الشركة المتعددة الجنسية ، أساليب سيطرة الادارة المركزية على إدارات الشركات الوليدة ، المفهوم القانوني للاستثمار الدولي ، الاستثمار الدولي للشركة الماعددة الجنسية من حيث شكله و ضماناته ، دور الاستثمار الدولي في نقل التكنولوجيا ، الرقابة الداخلية و الرقابة الخارجية على الشركة المتعددة الجنسية ، تقدير الرقابة القانونية على الشركات المتعددة الجنسية ، الاشكاليات القانونية بين الدولة المضيفة و الشركة المتعددة الجنسية ، الوسائل القانونية لتسوية المنازعات بين الشركة المتعددة الجنسية و الدولة المضيفة ، التنظيم القانوني الدولي للشركات المتعددة الجنسية . | ||
| 653 | _aالشركات | ||
| 653 | _aالشركات متعددة الجنسية | ||
| 942 | _cكتاب | ||
| 999 |
_c43387 _d43387 |
||